<?xml version="1.0" encoding="UTF-8"?>
<record
    xmlns:xsi="http://www.w3.org/2001/XMLSchema-instance"
    xsi:schemaLocation="http://www.loc.gov/MARC21/slim http://www.loc.gov/standards/marcxml/schema/MARC21slim.xsd"
    xmlns="http://www.loc.gov/MARC21/slim">

  <leader>00469nam a22001577a 4500</leader>
  <controlfield tag="003">SGT</controlfield>
  <datafield tag="020" ind1=" " ind2=" ">
    <subfield code="a">9788123919065</subfield>
  </datafield>
  <datafield tag="082" ind1=" " ind2=" ">
    <subfield code="a">547.346,DEW</subfield>
  </datafield>
  <datafield tag="100" ind1=" " ind2=" ">
    <subfield code="a">S. K. DEWAN</subfield>
  </datafield>
  <datafield tag="245" ind1=" " ind2=" ">
    <subfield code="a">ORGANIC SPECTROSCOPY(NMR ,IRMASS AND UV)</subfield>
  </datafield>
  <datafield tag="260" ind1=" " ind2=" ">
    <subfield code="a">NEW DELHI </subfield>
    <subfield code="b">CBS PUBLISHERS </subfield>
    <subfield code="c">2012</subfield>
  </datafield>
  <datafield tag="300" ind1=" " ind2=" ">
    <subfield code="a">662</subfield>
  </datafield>
  <datafield tag="650" ind1=" " ind2=" ">
    <subfield code="a">ORGANIC CHEMISTRY </subfield>
  </datafield>
  <datafield tag="653" ind1=" " ind2=" ">
    <subfield code="a">BASIS OF ID NMR SPECTROSCOPY, CHEMICAL SHIFT - ORIGIN FACTORS,COUPLING CONSTANTS AND MECHANISM OF COUPLING </subfield>
  </datafield>
  <datafield tag="942" ind1=" " ind2=" ">
    <subfield code="2">ddc</subfield>
    <subfield code="c">FPS</subfield>
    <subfield code="0">5</subfield>
  </datafield>
  <datafield tag="952" ind1=" " ind2=" ">
    <subfield code="0">0</subfield>
    <subfield code="1">0</subfield>
    <subfield code="2">ddc</subfield>
    <subfield code="4">0</subfield>
    <subfield code="7">1</subfield>
    <subfield code="8">FS</subfield>
    <subfield code="a">SSSL</subfield>
    <subfield code="b">SSSL</subfield>
    <subfield code="c">REF</subfield>
    <subfield code="d">2016-07-04</subfield>
    <subfield code="e">KIRTI PRKASHAN </subfield>
    <subfield code="g">415.00</subfield>
    <subfield code="i">SGTU</subfield>
    <subfield code="o">547.346,DEW</subfield>
    <subfield code="p">PS932</subfield>
    <subfield code="r">2016-07-04 00:00:00</subfield>
    <subfield code="w">2015-09-19</subfield>
    <subfield code="y">FPS</subfield>
    <subfield code="k">2947</subfield>
  </datafield>
  <datafield tag="952" ind1=" " ind2=" ">
    <subfield code="0">0</subfield>
    <subfield code="1">0</subfield>
    <subfield code="2">ddc</subfield>
    <subfield code="4">0</subfield>
    <subfield code="7">0</subfield>
    <subfield code="8">FS</subfield>
    <subfield code="a">SSSL</subfield>
    <subfield code="b">SSSL</subfield>
    <subfield code="c">TXT</subfield>
    <subfield code="d">2016-07-04</subfield>
    <subfield code="e">KIRTI PRKASHAN </subfield>
    <subfield code="g">415.00</subfield>
    <subfield code="i">SGTU</subfield>
    <subfield code="l">6</subfield>
    <subfield code="o">547.346,DEW</subfield>
    <subfield code="p">PS933</subfield>
    <subfield code="r">2025-04-07 00:00:00</subfield>
    <subfield code="s">2025-02-24</subfield>
    <subfield code="w">2015-09-19</subfield>
    <subfield code="y">FPS</subfield>
    <subfield code="k">2947</subfield>
  </datafield>
  <datafield tag="999" ind1=" " ind2=" ">
    <subfield code="c">9455</subfield>
    <subfield code="d">9455</subfield>
  </datafield>
</record>
